000 00456nam a22001577a 4500
999 _c8994
_d8994
003 OSt
008 200715b ||||| |||| 00| 0 eng d
020 _a9789386943576
100 _aTiwari , Abhishek & Singh , Anita , Tiwari , Varsha and Upmanyu , Neeraj
245 _aLaboratory manual on Pharmacautical Organic Chemistry
250 _a2019
260 _aNew Delhi
_bNirali
300 _aPg-10.4
650 _aPharmacy General Books
942 _2ddc
_cBK
_01